| 000 | 00684nam a22002171i 4500 | ||
|---|---|---|---|
| 003 | OSt | ||
| 005 | 20150319114332.0 | ||
| 008 | 900725s1976 sp spa | ||
| 020 | _a84-01-43517-X | ||
| 040 | _cBMC | ||
| 082 | _a843 | ||
| 100 | 1 |
_aBoulle, Pierre _d1912-1994 _931399 |
|
| 245 | 1 | 4 |
_aLas virtudes del infierno _cPierre Boulle ; [traducción, José Mª Martínez Monasterio] |
| 260 |
_aEsplugas de Llobregat (Barcelona) _bPlaza & Janes _cD.L. 1976 |
||
| 300 |
_a255 p. _c18 cm |
||
| 490 | 0 | _aLibros Reno | |
| 546 | _aTraducción de: Les vertus de l'enfer | ||
| 650 | 2 | 4 |
_911443 _aNovela francesa |
| 700 | 1 |
_aMartínez Monasterio, José Mª. _931400 |
|
| 942 |
_2ddc _cBK |
||
| 999 |
_c18336 _d18336 |
||